| 000 | 00917nam a2200277Ia 4500 | ||
|---|---|---|---|
| 001 | 872 | ||
| 003 | GE_BSU | ||
| 008 | 181216s||||||||xx |||||||||||||| ||und|| | ||
| 020 | _a9785396000766 | ||
| 040 | _cGE_BSU | ||
| 080 | _a612(075.8) | ||
| 100 | _aДонцов,В.И.;Крутько,В.Н.;Труханов,А.И. | ||
| 245 | _aМедицина антистарения. | ||
| 245 | _bФундаментальные основы.Библиотека восстановительной медицины.Проблемы геронтологии | ||
| 245 | _cПредисл.В.Н.Шабалина | ||
| 250 | _aвып.6 | ||
| 260 | _aМосква | ||
| 260 | _bКрасанд | ||
| 260 | _c2010 | ||
| 300 | _a680стр. | ||
| 541 | _h150л. | ||
| 653 | _aМедицина | ||
| 653 | _aМедицина антистарения | ||
| 653 | _aПроблемы геронтологии | ||
| 942 | _cBK | ||
| 999 |
_c35033 _d35033 |
||